| 000 | 00619nam a2200217 4500 | ||
|---|---|---|---|
| 003 | OSt | ||
| 005 | 20240629023825.0 | ||
| 006 | a | ||
| 008 | 240629b |||||||| |||| 00| 0 eng d | ||
| 020 | _a9789715741637 | ||
| 040 |
_aDWCL-Main lib. _cOC |
||
| 082 | _aFil. 808.066 R757c 2011 | ||
| 100 | _aRoma-Mirasol, Imee | ||
| 245 | _aCommunication skills: writing in the discipline / | ||
| 260 |
_aQuezon City : _bKatha Pub. Co. , Inc. , _cc2011. |
||
| 300 |
_aviii, _b178 p. ; _c25 cm. |
||
| 650 | _a1. Writing. | ||
| 650 | _a2. Creative writing. | ||
| 650 | _a3. Language arts. | ||
| 942 |
_2ddc _n0 _cBK - FIL _kFil. |
||
| 999 |
_c1641 _d1641 |
||